[Event "TUR-chT"]
[Site "Izmir"]
[Date "2016.07.31"]
[Round "8.3"]
[White "Erdogdu, Mert"]
[Black "Tulay, Berkay"]
[Result "1-0"]
[WhiteElo "2437"]
[BlackElo "2132"]
[PlyCount "67"]
[EventDate "2016.07.25"]
[EventType "team-swiss"]
[EventRounds "13"]
[EventCountry "TUR"]
[SourceTitle "CBM 173 Extra"]
[Source "ChessBase"]
[SourceDate "2016.08.29"]
[SourceVersion "1"]
[SourceVersionDate "2016.08.29"]
[SourceQuality "1"]
[WhiteTeam "Deniz Su Aquamatch"]
[BlackTeam "Tarsus Zeka"]
[WhiteTeamCountry "TUR"]
[BlackTeamCountry "TUR"]

1. e4 g6 2. d4 Bg7 3. Nc3 d6 4. Be3 a6 5. f4 b5 6. Bd3 Bb7 7. Nf3 Nd7 8. e5 e6 9. a4 b4 10. Ne4 d5 11. Ned2 Ne7 12. a5 Qb8 13. Qe2 0-0 14. 0-0 Rc8 15. Nb3 Nf5 16. Bf2 Bf8 17. g4 Ng7 18. Rae1 c5 19. dxc5 Nxc5 20. Nxc5 Bxc5 21. Bd4 Qc7 22. Qe3 Qxa5 23. f5 exf5 24. gxf5 gxf5 25. Re2 Rc6 26. Rg2 Bxd4 27. Nxd4 Rg6 28. Bxf5 Nxf5 29. Rxf5 Rxg2+ 30. Kxg2 Kh8 31. e6 Rg8+ 32. Kh3 f6 33. Rxf6 Qc7 34. Rf7 1-0